00641nam a22002417a 4500003000400000005001700004008004100021040002200062082001500084100002700099245001700126260003600143300001900179490002400198505003100222505001400253505002100267505002900288505001500317505001100332505003900343700001700382OSt20230712133441.0221006b |||||||| |||| 00| 0 eng d cBiblioteca Lado V a700bA681r aArenos, Xaviereeditor aRoulotte:08/ c2013bGrafiques SolaaCatalunya c17x22cma192p. v2013a08x2013 4347 aIn the Desert of Modernity aKisangani aMaison Tropicale aWelcome to Turtle Island aUNmap/Nube aSudsee aThe Geopolitics of Art as Querelle aPeran, Marti